| 000 | 00988cad a22002415a 4500 | ||
|---|---|---|---|
| 001 | L153571 | ||
| 008 | 110808s2011 xxkar eng u | ||
| 035 | _a(Sirsi) u153571 | ||
| 041 | 0 | _aeng | |
| 050 | _a333.33 $2 18 | ||
| 110 | 2 |
_aDrivers Jonas Deloitte _95854 |
|
| 245 | 0 | 0 |
_aUK key cities office trends _h[electronic resource] |
| 260 |
_aLondon _bDJ Deloitte _c2011 |
||
| 362 | 0 | _aCurrent year only | |
| 490 | 0 |
_aDrivers Jonas Deloitte UK Key Cities Office Trends _v2011 |
|
| 520 | _aProvides a focus on key cities including an office market summary and market outlook. | ||
| 650 | 2 | 4 | _aDRIVERS JONAS DELOITTE UK KEY CITIES OFFICE TRENDS |
| 651 | 4 |
_aUnited Kingdom _y |
|
| 690 | _aPROPERTY-COMMERCIAL PROPERTY-COMMERCIAL PROPERTY FINANCE AND INVESTMENT | ||
| 690 | _aPROPERTY-COMMERCIAL PROPERTY-COMMERCIAL PROPERTY MARKET | ||
| 856 | 4 | 0 |
_uhttps://www.djdeloitte.co.uk/uk.aspx?doc=16564 _zView the report free of charge after registration at www.deloitte.co.uk |
| 942 | _n0 | ||
| 999 |
_c119340 _d119340 |
||